Hodnocení kvality a některé aspekty mezinárodního vývoje
Rôzne pohľady na hodnotenie kvality v súvislosti s medzinárodným vývojom. Uznávanie, postupnosť štúdia a kumulácia kreditov dosiahnutých v iných inštitúciách než na vysokých školách. Dĺžka štúdia súvisiaca s reštrukturalizáciou študijných propgramov. Dôsledky hodnotenia kvality študijných programov....
Saved in:
| Main Author: | |
|---|---|
| Format: | Book Chapter |
| Language: | Czech |
| Subjects: | |
| Tags: |
No Tags, Be the first to tag this record!
|
MARC
| LEADER | 00000naa$a2200000$$$4500 | ||
|---|---|---|---|
| 001 | 0004372 | ||
| 005 | 20230919103958.9 | ||
| 041 | 0 | |a cze | |
| 044 | |a CZ | ||
| 245 | 1 | 0 | |a Hodnocení kvality a některé aspekty mezinárodního vývoje |c aut. Helena Šebková |
| 520 | |a Rôzne pohľady na hodnotenie kvality v súvislosti s medzinárodným vývojom. Uznávanie, postupnosť štúdia a kumulácia kreditov dosiahnutých v iných inštitúciách než na vysokých školách. Dĺžka štúdia súvisiaca s reštrukturalizáciou študijných propgramov. Dôsledky hodnotenia kvality študijných programov. Náročné posudzovanie vysokoškolských učiteľských zborov. Kvalifikácia vysokoškolských učiteľov vo svetle medzinárodného porovnania. | ||
| 610 | 2 | 0 | |a kvalita |
| 610 | 2 | 0 | |a školy vysoké |
| 610 | 2 | 0 | |a hodnotenie práce |
| 610 | 2 | 0 | |a hodnotenie pracoviska |
| 610 | 2 | 0 | |a vzdelávanie |
| 610 | 2 | 0 | |a internacionalizácia |
| 610 | 2 | 0 | |a programy študijné |
| 610 | 2 | 0 | |a učitelia |
| 610 | 2 | 0 | |a kvalifikácia |
| 610 | 2 | 0 | |a porovnanie medzinárodné |
| 100 | 1 | |a Šebková, Helena | |